ბათუმის შოთა რუსთაველის სახელმწიფო უნივერსიტეტის ბიბლიოთეკა

ჭოროხი : (ბიბ.ჩანაწერი № 42335)

000 -LEADER
fixed length control field 00781nam a2200205Ia 4500
001 - CONTROL NUMBER
control field 9031
003 - CONTROL NUMBER IDENTIFIER
control field GE_BSU
005 - DATE AND TIME OF LATEST TRANSACTION
control field 20210420111713.0
008 - FIXED-LENGTH DATA ELEMENTS--GENERAL INFORMATION
fixed length control field 181216c2014||||ge |||||||||||||| ||geo||
022 ## - INTERNATIONAL STANDARD SERIAL NUMBER
International Standard Serial Number 0134 - 3459
040 ## - CATALOGING SOURCE
Transcribing agency GE_BSU
041 ## - LANGUAGE CODE
Language code of text/sound track or separate title geo
245 ## - TITLE STATEMENT
Title ჭოროხი :
Remainder of title 2014 : ლიტერატურულ - სამხატვრო და საზოგადოებრივი ჟურნალი /
Statement of responsibility, etc. მთ. რედაქტორი სანდრო ბერიძე.
260 ## - PUBLICATION, DISTRIBUTION, ETC.
Date of publication, distribution, etc. ბათუმი,
Name of publisher, distributor, etc. 1958-
300 ## - PHYSICAL DESCRIPTION
Extent V.
653 ## - INDEX TERM--UNCONTROLLED
Uncontrolled term ჭოროხი
653 ## - INDEX TERM--UNCONTROLLED
Uncontrolled term პეროდიკა
700 ## - ADDED ENTRY--PERSONAL NAME
Personal name ბერიძე, სანდრო
Relator term მთავარი რედაქტორი
9 (RLIN) 11448
942 ## - ADDED ENTRY ELEMENTS (KOHA)
Koha item type პერიოდიკა
Source of classification or shelving scheme
ეგზემპლარები
Withdrawn status Lost status Source of classification or shelving scheme Damaged status Not for loan Permanent Location Current Location Date acquired Serial Enumeration / chronology Barcode Date last seen Copy number Price effective from Koha item type
        შიდა ფონდი ბათუმის შოთა რუსთაველის სახელმწიფო უნივერსიტეტის მთავარი ბიბლიოთეკა ბათუმის შოთა რუსთაველის სახელმწიფო უნივერსიტეტის მთავარი ბიბლიოთეკა 2018-12-17 # 1 იანვარი- თებერვალი (2014) p 76129 2018-12-17 p 76129 2018-12-17 პერიოდიკა